| 000 | 00441nam a2200145Ia 4500 | ||
|---|---|---|---|
| 008 | 230917s9999||||xx |||||||||||||| ||und|| | ||
| 040 |
_e248465 _aMAIN |
||
| 041 | _aEnglish | ||
| 082 | _a891.433751 KM959M | ||
| 100 | _aमीना | ||
| 245 | 0 | _aमनीषा कुलश्रेष्ठ के उपन्यासों मे निरुपति युगबोध | |
| 260 | _c2014 | ||
| 300 | _a96पृ. p. | ||
| 942 | _cTH | ||
| 999 |
_c127194 _d127194 |
||